Bahgiat-Ur-raid-f-sharh-il-aqaid (Record no. 4765)

MARC details
000 -LEADER
fixed length control field 00557nam a2200229 a 4500
020 ## - INTERNATIONAL STANDARD BOOK NUMBER
ISBN
082 00 - DEWEY DECIMAL CLASSIFICATION NUMBER
Classification number 297.82
Author Cutter NAS1
100 ## - MAIN ENTRY--AUTHOR NAME
Author name Nasifi,
245 ## - TITLE STATEMENT
Title Bahgiat-Ur-raid-f-sharh-il-aqaid
260 ## - PUBLICATION, DISTRIBUTION, ETC. (IMPRINT)
Place of publication Bombay
Name of publisher Shethia Audio Vidio Pvt. Ltd.
Year of publication 0000
300 ## - PHYSICAL DESCRIPTION
Number of Pages 112p
500 ## - GENERAL NOTE
General note includes index and biblioraphy
650 ## - SUBJECT ADDED ENTRY--TOPICAL TERM
Topical Term Shiah-Doctrines
942 ## - ADDED ENTRY ELEMENTS (KOHA)
Koha item type Books
700 1# -
-- Nasifi,
Holdings
Collection code Home library Current library Date acquired Cost, normal purchase price Full call number Accession Number Koha item type
  Henry Martyn Institute Library Henry Martyn Institute Library 06/28/2007 100.00 297.82 NAS1 06371 Books
                   Copyright © 2026 | Henry Martyn Institute | Hyderabad | TS-500052 | INDIA | Implemented by hmi.edu.in
Hit-Count:

Powered by Koha